Polityka zatrudnienia w latach osiemdziesiatych Wyniki badan ankietowych

Na minha lista:
Detalhes bibliográficos
Outros Autores: Mortimer-Szymczak, Halina
Formato: Livro
Idioma:polonês
Publicado em: Lódz Wydawnictwo Uniwersytetu Lódzkiego 1992
Edição:1. wyd.
Colecção:Folia Oeconomica 124
Assuntos:
Tags: Adicionar Tag
Sem tags, seja o primeiro a adicionar uma tag!

MARC

LEADER 00000nam a2200000 4500
001 c014160
005 20230223131813.1
041 0 |a pol 
044 |a PL 
245 1 0 |a Polityka zatrudnienia w latach osiemdziesiatych  |b Wyniki badan ankietowych  |c Red. Halina Mortimer-Szymczak 
250 |a 1. wyd. 
264 1 |a Lódz  |b Wydawnictwo Uniwersytetu Lódzkiego  |c 1992 
300 |a 276 s. 
490 1 |a Folia Oeconomica  |v 124 
830 0 |a Folia Oeconomica  |v 124 
610 2 0 |a politika zamestnanosti 
610 2 0 |a ankety 
610 2 0 |a výskum 
610 2 0 |a sily pracovné 
610 2 0 |a plánovanie 
610 2 0 |a dopyt 
610 2 0 |a procesy sociálne 
700 1 |a Mortimer-Szymczak, Halina